| 000 | 01118cam a2200325 a 4500 | ||
|---|---|---|---|
| 999 |
_c7516 _d7516 |
||
| 001 | 991027510019706706 | ||
| 003 | OSt | ||
| 005 | 20211209141128.0 | ||
| 008 | 160311s2016 sp a||| |||| 000 0dspa|c | ||
| 017 | _aDL V 2976-2016 | ||
| 035 | _a(ES-BaCBU)b66538518-34csuc_network | ||
| 035 | _a(ES-BaCBU).b66538518 | ||
| 035 | _a(ccuc001)b66538518 | ||
| 035 | _a(OCoLC)1120519004 | ||
| 040 |
_aES-BaCBU _bcat _cCDMR _dES-BaBC |
||
| 043 |
_ae-sp--- _be-spv-- _2catmarc |
||
| 080 |
_a929Peris Mencheta, F. _22004 |
||
| 080 |
_a94 _x(460.313 Sueca) _x"19" _22004 |
||
| 080 |
_a725.95 _x(460.313) _x"19" _22004 |
||
| 100 | 1 | _aFerri Chulio, Andrés de Sales, | |
| 245 | 1 | 3 |
_aEl Excmo. Señor Don Francisco Peris Mencheta y el puente de Alfonso XIII de Sueca : _bcentenario de su inaguración, 1916-2016 / _cAndrés de Sales Ferri Chulio |
| 260 |
_aSueca : _bl'autor, _c2016 |
||
| 300 |
_a124 p. : _bil. ; _c32 cm |
||
| 504 | _aBibliografia | ||
| 600 | 1 | 7 |
_aPeris Mencheta, F. _2lemac |
| 907 |
_a.b66538518 _b18-02-21 _c11-03-16 _d21-12-16 _em _fa _g- _hspa _isp _j0 _k0 |
||
| 908 |
_aUAB _aBC |
||
| 940 | _aBC | ||
| 942 |
_2udc _cMON |
||